[Event "AUS-ch Major"]
[Site "Sydney"]
[Date "2020.01.13"]
[Round "11"]
[White "Chiara, Vincent"]
[Black "Wang, James1111"]
[Result "0-1"]
[WhiteElo "1323"]
[BlackElo "1487"]
[PlyCount "42"]
[EventDate "2020.01.02"]
[EventType "swiss"]
[EventRounds "11"]
[EventCountry "AUS"]
[SourceTitle "EXT 2021"]
[Source "ChessBase"]
[SourceDate "2020.10.23"]
[SourceVersion "1"]
[SourceVersionDate "2020.10.23"]
[SourceQuality "1"]

1. d4 e6 2. c4 Nf6 3. Nc3 Bb4 4. Qc2 0-0 5. Bg5 h6 6. Bh4 d5 7. cxd5 exd5 8. a3 Be7 9. Nf3 Be6 10. e3 Ne8 11. Bg3 Nd7 12. Bd3 c6 13. b4 Nd6 14. b5 Nxb5 15. Nxb5 cxb5 16. Bxb5 Qa5+ 17. Nd2 Qxb5 18. Rb1 Rac8 19. Qa2 Qd3 20. Rd1 Rc2 21. Qb1 Bg4 0-1

[Event "AUS-ch Major"]
[Site "Sydney"]
[Date "2020.01.06"]
[Round "5"]
[White "Chiara, Vincent"]
[Black "Wu, Celina"]
[Result "0-1"]
[WhiteElo "1323"]
[BlackElo "1623"]
[PlyCount "118"]
[EventDate "2020.01.02"]
[EventType "swiss"]
[EventRounds "11"]
[EventCountry "AUS"]
[SourceTitle "EXT 2021"]
[Source "ChessBase"]
[SourceDate "2020.10.23"]
[SourceVersion "1"]
[SourceVersionDate "2020.10.23"]
[SourceQuality "1"]

1. d4 d5 2. c4 e6 3. Nc3 Nf6 4. Bg5 Be7 5. cxd5 exd5 6. e3 c6 7. Bd3 Nbd7 8. Qc2 0-0 9. Nge2 Re8 10. 0-0 h6 11. Bh4 Ne4 12. Bxe7 Qxe7 13. Rab1 Ndf6 14. h3 Bf5 15. b4 Qd7 16. a4 g5 17. b5 g4 18. hxg4 Nxg4 19. bxc6 bxc6 20. Bxe4 Bxe4 21. Nxe4 dxe4 22. Rfc1 Rac8 23. Rb3 Qe7 24. Nf4 Qh4 25. Nh3 Re6 26. d5 Rg6 27. Qxe4 Qh5 28. Kf1 Nf6 29. Qf3 Qxf3 30. gxf3 Nxd5 31. e4 Nc7 32. Rb7 Ne6 33. Rxa7 Rf6 34. Rc3 Nd4 35. Ng1 h5 36. Ra5 Rh6 37. Rc4 Nb3 38. Rg5+ Kf8 39. Ne2 Nd2+ 40. Kg2 Nxc4 41. Nf4 h4 42. Rc5 Nd6 43. a5 Ke7 44. a6 h3+ 45. Kh2 Kd7 46. Nd3 Rg8 47. Ne5+ Ke6 48. Ng4 Rhh8 49. Rxc6 Ke7 50. e5 Nf5 51. Rc7+ Ke6 52. Rc6+ Kd7 53. Rb6 Rc8 54. Nf6+ Ke7 55. Rb7+ Ke6 56. f4 Nd4 57. Rb6+ Kf5 58. Ng4 Kxg4 59. Rf6 Nf3+ 0-1

[Event "AUS-ch Major"]
[Site "Sydney"]
[Date "2020.01.04"]
[Round "3"]
[White "Chiara, Vincent"]
[Black "Qi, Kaibing"]
[Result "1-0"]
[WhiteElo "1323"]
[BlackElo "1596"]
[PlyCount "93"]
[EventDate "2020.01.02"]
[EventType "swiss"]
[EventRounds "11"]
[EventCountry "AUS"]
[SourceTitle "EXT 2021"]
[Source "ChessBase"]
[SourceDate "2020.10.23"]
[SourceVersion "1"]
[SourceVersionDate "2020.10.23"]
[SourceQuality "1"]

1. d4 Nf6 2. c4 e6 3. Nc3 Bb4 4. Qc2 d5 5. cxd5 exd5 6. Bd2 0-0 7. a3 Bxc3 8. bxc3 b6 9. Nf3 Ba6 10. Bg5 h6 11. Bh4 Nbd7 12. Ne5 Qc8 13. Nxd7 Nxd7 14. Qf5 Bc4 15. g4 Re8 16. g5 g6 17. Qh3 h5 18. f4 Nf8 19. Qxc8 Raxc8 20. Kd2 Re4 21. e3 Bxf1 22. Rhxf1 Rce8 23. Rae1 b5 24. Bg3 h4 25. Bxh4 Ne6 26. Bg3 Ng7 27. f5 Nxf5 28. Be5 Re6 29. Rf3 Rh4 30. Bxc7 Ra6 31. Ra1 Rg4 32. Kd3 Rxg5 33. Rb1 Rxa3 34. Rxb5 Rh5 35. Rxd5 Nh4 36. Rd8+ Kg7 37. Rf2 Nf5 38. Be5+ Kh6 39. Rf8 a5 40. Rxf7 a4 41. Ra7 Rh3 42. Bf4+ g5 43. Ra6+ Kh5 44. Rf6 Ne7 45. Bd6 Nd5 46. Bxa3 Nxe3 47. R6f3 1-0

[Event "AUS-ch Major"]
[Site "Cammeray"]
[Date "2018.01.11"]
[Round "10"]
[White "Chiara, Vincent"]
[Black "Willathgamuwa, Kieran"]
[Result "0-1"]
[WhiteElo "1485"]
[BlackElo "506"]
[PlyCount "76"]
[EventDate "2018.01.02"]
[EventType "swiss"]
[EventRounds "11"]
[EventCountry "AUS"]
[SourceTitle "CBM 182 Extra"]
[Source "ChessBase"]
[SourceDate "2018.02.23"]
[SourceVersion "1"]
[SourceVersionDate "2018.02.23"]
[SourceQuality "1"]

1. c4 e5 2. g3 Nf6 3. Bg2 Bc5 4. Nc3 a6 5. Nf3 d6 6. 0-0 0-0 7. d3 Be6 8. Ng5 Bd7 9. Bxb7 Ra7 10. Bg2 h6 11. Nge4 Nxe4 12. Nxe4 Bd4 13. Rb1 Be6 14. e3 Bb6 15. Nc3 c6 16. b3 Bc7 17. d4 Ba5 18. Bb2 exd4 19. exd4 Bf5 20. Rc1 Re7 21. d5 c5 22. Ne2 Bg4 23. f3 Bh5 24. Nf4 Bg6 25. Bh3 Bh7 26. Nh5 f6 27. Nf4 Rfe8 28. Be6+ Kh8 29. Nh5 Qb6 30. Rf2 Nd7 31. Re2 Nf8 32. Nf4 Nxe6 33. dxe6 Qc6 34. Nd5 Rxe6 35. Rcc2 Bxc2 36. Qxc2 Rxe2 37. Qg6 Rxb2 38. Nxf6 Re1# 0-1

[Event "AUS-ch Major"]
[Site "Cammeray"]
[Date "2018.01.06"]
[Round "6"]
[White "Faizal, Shaheel"]
[Black "Chiara, Vincent"]
[Result "1-0"]
[WhiteElo "887"]
[BlackElo "1485"]
[PlyCount "149"]
[EventDate "2018.01.02"]
[EventType "swiss"]
[EventRounds "11"]
[EventCountry "AUS"]
[SourceTitle "CBM 182 Extra"]
[Source "ChessBase"]
[SourceDate "2018.02.23"]
[SourceVersion "1"]
[SourceVersionDate "2018.02.23"]
[SourceQuality "1"]

1. e4 c5 2. Nf3 e6 3. d4 cxd4 4. Nxd4 a6 5. Nc3 Qc7 6. g3 Nf6 7. Bf4 e5 8. Nf3 exf4 9. e5 Ng8 10. gxf4 Bb4 11. Qd3 Ne7 12. 0-0-0 b5 13. Ne4 Ng6 14. Nd6+ Bxd6 15. exd6 Qd8 16. Qe4+ Kf8 17. Qxa8 Nc6 18. Nd4 Nxd4 19. Rxd4 Qe8 20. Qf3 Qe6 21. Qc3 Bb7 22. Rg1 Bc6 23. Kb1 Nh4 24. Rd1 Rg8 25. Bh3 Qe8 26. Rge1 Qd8 27. Qe3 Ng6 28. f5 Nh8 29. Qa7 f6 30. Qc7 Nf7 31. Qxd8+ Nxd8 32. Rg1 Nf7 33. Bg2 Ne5 34. Bxc6 Nxc6 35. f4 g5 36. fxg6 hxg6 37. h4 Kf7 38. Rde1 Rh8 39. Rh1 Rh5 40. c3 Rf5 41. Ref1 Nd8 42. Rh2 Ne6 43. Rhf2 Nc5 44. Kc2 Ne4 45. Rf3 Rd5 46. Rd3 Rh5 47. Re3 f5 48. Rh1 Kf6 49. Rh2 Rh8 50. Kd1 Re8 51. Ke1 Rc8 52. h5 Rh8 53. h6 Rh7 54. Rd3 Ke6 55. Ke2 Nxd6 56. Re3+ Kf6 57. b3 Ne4 58. Kd3 Nc5+ 59. Kc2 Ne6 60. Rf3 Nc5 61. Kd2 Ne4+ 62. Ke2 d5 63. Kd3 Ke6 64. Kd4 Kd6 65. b4 Nf6 66. Rg3 Ng4 67. Rh1 Re7 68. Rgg1 Rh7 69. Rg2 Nf6 70. Rxg6 Ke7 71. Ke5 Nd7+ 72. Kxf5 Rf7+ 73. Kg5 Nf6 74. Rxf6 Rxf6 75. h7 1-0

[Event "AUS-ch Major"]
[Site "Cammeray"]
[Date "2018.01.03"]
[Round "2"]
[White "Chiara, Vincent"]
[Black "Odenthal, Aidan"]
[Result "0-1"]
[WhiteElo "1485"]
[BlackElo "1853"]
[PlyCount "80"]
[EventDate "2018.01.02"]
[EventType "swiss"]
[EventRounds "11"]
[EventCountry "AUS"]
[SourceTitle "CBM 182 Extra"]
[Source "ChessBase"]
[SourceDate "2018.02.23"]
[SourceVersion "1"]
[SourceVersionDate "2018.02.23"]
[SourceQuality "1"]

1. c4 Nf6 2. g3 e6 3. Nf3 d5 4. Bg2 Bd6 5. Nc3 0-0 6. cxd5 exd5 7. d4 h6 8. Qc2 c6 9. 0-0 Bg4 10. a3 Qd7 11. Re1 Bf5 12. Qb3 Re8 13. Bd2 Ne4 14. Nxe4 Bxe4 15. Rac1 Na6 16. h4 c5 17. dxc5 Nxc5 18. Qd1 Rac8 19. b4 Na4 20. Qb3 b5 21. Kh2 Rc4 22. Bh3 Qc7 23. Rxc4 dxc4 24. Qd1 c3 25. Bc1 Rd8 26. Qb3 Bd5 27. Qc2 Bc4 28. Bf5 a5 29. Bd3 axb4 30. axb4 Bxb4 31. Bf4 Bd6 32. Bxd6 Rxd6 33. Ne5 Bxd3 34. Nxd3 Rd4 35. e4 Qb6 36. Re3 Qc6 37. e5 b4 38. e6 fxe6 39. f4 Nc5 40. Nc1 Rd2+ 0-1

[Event "Oceania zt"]
[Site "Cammeray"]
[Date "2015.07.09"]
[Round "8"]
[White "Talum, Lito"]
[Black "Chiara, Vincent"]
[Result "1-0"]
[WhiteElo "1801"]
[BlackElo "1453"]
[PlyCount "135"]
[EventDate "2015.07.04"]
[EventType "swiss"]
[EventRounds "9"]
[EventCountry "AUS"]
[SourceTitle "EXT 2017"]
[Source "ChessBase"]
[SourceDate "2016.10.25"]
[SourceVersion "1"]
[SourceVersionDate "2016.10.25"]
[SourceQuality "1"]

1. e4 c5 2. Nf3 d6 3. d4 cxd4 4. Nxd4 Nf6 5. Nc3 g6 6. f3 Bg7 7. Nb3 0-0 8. Be3 Nc6 9. Qd2 Bd7 10. g4 a6 11. h4 b5 12. h5 Ne5 13. Qf2 Nc4 14. Bxc4 bxc4 15. Nd4 Rb8 16. b3 Qa5 17. Qd2 Rfc8 18. Rc1 cxb3 19. cxb3 Ne8 20. hxg6 fxg6 21. Kf2 Nf6 22. Rh4 Qd8 23. Nde2 e6 24. Rch1 Qf8 25. g5 Nh5 26. Bd4 e5 27. Be3 Be6 28. Ng3 Nxg3 29. Kxg3 Rb7 30. Rxh7 Rf7 31. f4 Rxc3 32. f5 gxf5 33. Qh2 f4+ 34. Kg2 Rc2+ 35. Bf2 Rfc7 36. Qh5 f3+ 37. Kf1 Rc1+ 38. Be1 Rxe1+ 39. Kxe1 Rc1+ 40. Kf2 Rxh1 41. Qxh1 Qf4 42. g6 Qd2+ 43. Kg3 Qg5+ 44. Kf2 Qxg6 45. Rh4 Qf6 46. Rh2 Bg4 47. Qd1 Qf4 48. Qd5+ Qf7 49. Qxd6 Qa7+ 50. Kf1 Qa8 51. Qg6 Qc8 52. Kf2 Be6 53. Kg3 Qd7 54. Qg5 Bf7 55. Rd2 Qe6 56. Rd8+ Be8 57. Qh5 Kf8 58. Qxf3+ Ke7 59. Qd3 Bd7 60. Ra8 Bh6 61. Rxa6 Bf4+ 62. Kf2 Qg4 63. Qd6+ Kf7 64. Qf6+ Kg8 65. Ra8+ Bc8 66. Qd8+ Kg7 67. Ra7+ Kh6 68. Qh8+ 1-0

[Event "Oceania zt"]
[Site "Cammeray"]
[Date "2015.07.08"]
[Round "7"]
[White "Chiara, Vincent"]
[Black "Fikh, Anthony"]
[Result "1-0"]
[WhiteElo "1453"]
[BlackElo "1601"]
[PlyCount "101"]
[EventDate "2015.07.04"]
[EventType "swiss"]
[EventRounds "9"]
[EventCountry "AUS"]
[SourceTitle "EXT 2017"]
[Source "ChessBase"]
[SourceDate "2016.10.25"]
[SourceVersion "1"]
[SourceVersionDate "2016.10.25"]
[SourceQuality "1"]

1. e4 c6 2. d4 d5 3. exd5 cxd5 4. c4 Nf6 5. Nc3 Bf5 6. Qb3 Qb6 7. Nf3 Qxb3 8. axb3 Na6 9. Be2 Nb4 10. 0-0 a5 11. Bf4 e6 12. Nb5 Kd7 13. Ne5+ Ke7 14. c5 Nd7 15. Nd6 Nxe5 16. Nxf5+ exf5 17. Bxe5 f6 18. Bc7 Nc6 19. Bf3 Nxd4 20. Bxd5 Kd7 21. Bb6 Nc6 22. Rad1 Ke8 23. Rfe1+ Be7 24. Be6 f4 25. Rd7 Rb8 26. Bg4 Ne5 27. Rc7 Bd8 28. Rxg7 Bxb6 29. cxb6 Kf8 30. Rc7 Nxg4 31. Ree7 Ne5 32. Rxb7 Rxb7 33. Rxb7 Rg8 34. Rc7 Rg7 35. b7 Nc6 36. Rxc6 Rxb7 37. Rxf6+ Ke7 38. Rxf4 Rxb3 39. Rh4 Rxb2 40. Rxh7+ Kd6 41. h4 a4 42. Ra7 Ra2 43. Ra5 a3 44. g4 Ra1+ 45. Kg2 a2 46. h5 Ke7 47. g5 Kf7 48. Ra6 Kg7 49. Ra7+ Kg8 50. h6 Kh8 51. g6 1-0

[Event "Oceania zt"]
[Site "Cammeray"]
[Date "2015.07.06"]
[Round "4"]
[White "Press, Harry"]
[Black "Chiara, Vincent"]
[Result "1-0"]
[WhiteElo "1889"]
[BlackElo "1453"]
[PlyCount "41"]
[EventDate "2015.07.04"]
[EventType "swiss"]
[EventRounds "9"]
[EventCountry "AUS"]
[SourceTitle "CBM 167 Extra"]
[Source "ChessBase"]
[SourceDate "2015.09.14"]
[SourceVersion "1"]
[SourceVersionDate "2015.09.14"]
[SourceQuality "1"]

1. e4 c5 2. Nf3 d6 3. d4 cxd4 4. Nxd4 Nf6 5. Nc3 g6 6. Be3 Bg7 7. f3 0-0 8. Qd2 Nc6 9. Bc4 Bd7 10. 0-0-0 Rc8 11. Bb3 Ne5 12. h4 Nc4 13. Bxc4 Rxc4 14. Kb1 a6 15. h5 Nxh5 16. g4 Nf6 17. Bh6 Bxh6 18. Qxh6 Qa5 19. Nd5 Nh5 20. Nxe7+ Kh8 21. Qxf8# 1-0

[Event "AUS-ch Minor"]
[Site "Cammeray"]
[Date "2013.01.08"]
[Round "7"]
[White "Pearce, Tim"]
[Black "Chiara, Vincent"]
[Result "0-1"]
[WhiteElo "1365"]
[BlackElo "1348"]
[PlyCount "72"]
[EventDate "2013.01.02"]
[EventType "swiss"]
[EventRounds "11"]
[EventCountry "AUS"]
[SourceTitle "EXT 2022"]
[Source "ChessBase"]
[SourceDate "2021.10.06"]
[SourceVersion "1"]
[SourceVersionDate "2021.10.06"]
[SourceQuality "1"]

1. d4 Nf6 2. c4 c5 3. d5 e5 4. dxe6 fxe6 5. Nc3 Be7 6. Bf4 d6 7. Nb5 e5 8. Bg5 0-0 9. g3 a6 10. Nc3 Be6 11. Bg2 Qd7 12. Bxf6 Rxf6 13. Bd5 Nc6 14. Bxe6+ Qxe6 15. Nd5 Rf7 16. Nc7 Qf6 17. f3 Raf8 18. Nd5 Qe6 19. Qb3 Nd4 20. Qd1 Bd8 21. f4 exf4 22. gxf4 Qe4 23. Nf3 Nxf3+ 24. Kf2 Bh4+ 25. Kf1 Nd2+ 26. Kg1 Qd4+ 27. e3 Qxb2 28. Kg2 Nxc4+ 29. Kh3 Bf2 30. f5 Re8 31. Rb1 Qe5 32. Qf3 Rxf5 33. Nf4 Qxe3 34. Qxe3 Rxe3+ 35. Kg4 g6 36. Rxb7 h5+ 0-1

[Event "AUS-ch Minor"]
[Site "Cammeray"]
[Date "2011.01.11"]
[Round "9"]
[White "Baldwin, Tony"]
[Black "Chiara, Vincent"]
[Result "0-1"]
[WhiteElo "1275"]
[BlackElo "1359"]
[PlyCount "54"]
[EventDate "2011.01.02"]
[EventType "swiss"]
[EventRounds "11"]
[EventCountry "AUS"]
[SourceTitle "EXT 2012"]
[Source "ChessBase"]
[SourceDate "2011.11.24"]
[SourceVersion "1"]
[SourceVersionDate "2011.11.24"]
[SourceQuality "1"]

1. d4 Nf6 2. c4 e6 3. Nf3 b6 4. Nc3 Bb7 5. Bg5 Be7 6. e3 0-0 7. Bd3 d5 8. cxd5 Nxd5 9. Bxe7 Qxe7 10. Qc2 Nf6 11. Ng5 g6 12. e4 Nh5 13. Qd2 Qf6 14. Be2 Nf4 15. h4 Nxg2+ 16. Kf1 Nf4 17. Rg1 Nxe2 18. Kxe2 Nc6 19. Rad1 e5 20. d5 Nd4+ 21. Ke1 h6 22. Ne2 Nxe2 23. Qxe2 hxg5 24. Rxg5 Qf4 25. Rg4 Qh6 26. f3 Bc8 27. Rg5 Qxh4+ 0-1

[Event "AUS-ch Minor"]
[Site "Cammeray"]
[Date "2011.01.09"]
[Round "7"]
[White "Chiara, Vincent"]
[Black "Wall, Terence"]
[Result "0-1"]
[WhiteElo "1359"]
[BlackElo "1339"]
[PlyCount "66"]
[EventDate "2011.01.02"]
[EventType "swiss"]
[EventRounds "11"]
[EventCountry "AUS"]
[SourceTitle "EXT 2012"]
[Source "ChessBase"]
[SourceDate "2011.11.24"]
[SourceVersion "1"]
[SourceVersionDate "2011.11.24"]
[SourceQuality "1"]

1. e4 c6 2. d4 d5 3. Nc3 dxe4 4. Nxe4 Bf5 5. Ng3 Bg6 6. Nf3 e6 7. h4 h6 8. Ne5 Bh7 9. Bc4 Nd7 10. Qe2 Qe7 11. Bb3 Ngf6 12. c4 Nxe5 13. dxe5 Nd7 14. Bd2 Nc5 15. Bd1 Nd3+ 16. Kf1 Nxb2 17. Bxh6 Bd3 18. Bg5 Bxe2+ 19. Bxe2 Qc7 20. Bf4 0-0-0 21. Ne4 Kb8 22. Rh3 Rd4 23. f3 Nxc4 24. Rc1 Nxe5 25. Bc4 Bd6 26. Nxd6 Qxd6 27. Bg3 Rxc4 28. Rxc4 Qd3+ 29. Kg1 Qxc4 30. Bxe5+ Kc8 31. Bxg7 Rxh4 32. Be5 Rxh3 33. gxh3 Qc5+ 0-1

[Event "AUS-ch Minor"]
[Site "Cammeray"]
[Date "2011.01.02"]
[Round "1"]
[White "Chiara, Vincent"]
[Black "Dale, Finley"]
[Result "0-1"]
[WhiteElo "1359"]
[BlackElo "882"]
[PlyCount "58"]
[EventDate "2011.01.02"]
[EventType "swiss"]
[EventRounds "11"]
[EventCountry "AUS"]
[SourceTitle "EXT 2012"]
[Source "ChessBase"]
[SourceDate "2011.11.24"]
[SourceVersion "1"]
[SourceVersionDate "2011.11.24"]
[SourceQuality "1"]

1. Nf3 Nc6 2. c4 g6 3. Nc3 Bg7 4. d4 Nf6 5. e4 d6 6. Bg5 0-0 7. a3 Bg4 8. h3 Bxf3 9. gxf3 Nd7 10. Be3 e5 11. d5 Nd4 12. f4 f5 13. Bxd4 exd4 14. Nb5 fxe4 15. Nxd4 Bxd4 16. Qxd4 Rxf4 17. 0-0-0 Qg5 18. Kb1 Qf5 19. Ka2 Nb6 20. c5 dxc5 21. Qxc5 c6 22. Bg2 Nxd5 23. Rd2 a5 24. Rhd1 Nb4+ 25. axb4 axb4+ 26. Kb3 Qxc5 27. Rd4 Rxf2 28. Bxe4 Rxb2+ 29. Kxb2 Qc3+ 0-1

[Event "AUS-ch Minor"]
[Site "Cammeray"]
[Date "2010.01.12"]
[Round "10"]
[White "Gray, Garvin"]
[Black "Chiara, Vincent"]
[Result "1/2-1/2"]
[WhiteElo "1230"]
[BlackElo "1430"]
[PlyCount "146"]
[EventDate "2010.01.02"]
[EventType "swiss"]
[EventRounds "11"]
[EventCountry "AUS"]
[SourceTitle "EXT 2011"]
[Source "ChessBase"]
[SourceDate "2010.11.26"]
[SourceVersion "1"]
[SourceVersionDate "2010.11.26"]
[SourceQuality "1"]

1. e4 c5 2. Nf3 e6 3. d4 cxd4 4. Nxd4 a6 5. Nc3 Qc7 6. Be3 Nf6 7. f3 Nc6 8. Nxc6 bxc6 9. Na4 d5 10. exd5 cxd5 11. Be2 Bb4+ 12. c3 Bd6 13. Nb6 Rb8 14. Nxc8 Qxc8 15. Qa4+ Qd7 16. Qxd7+ Nxd7 17. b4 Be5 18. Rc1 Ra8 19. 0-0 Ke7 20. Bd4 f6 21. a4 Bd6 22. Bf2 h5 23. b5 axb5 24. Bxb5 Ne5 25. Rb1 h4 26. Bb6 Nc4 27. Bxc4 dxc4 28. Ra1 Ra6 29. a5 Rha8 30. Rfb1 f5 31. Rb5 Rb8 32. Rab1 Rc8 33. Be3 f4 34. Bd4 Kf7 35. Bf2 Be7 36. Rh5 Kg6 37. Rbb5 Rf8 38. Bxh4 Bxh4 39. Rxh4 Rc6 40. Rhh5 Rd6 41. h4 Rfd8 42. Rhg5+ Kf6 43. Rgc5 Rd5 44. Rxd5 exd5 45. a6 Ke5 46. a7 Ra8 47. Ra5 Kd6 48. Kh2 d4 49. cxd4 c3 50. Rc5 Rxa7 51. Rxc3 Kd5 52. Kh3 Kxd4 53. Rc6 Ke5 54. Rc5+ Kd4 55. Rf5 Ke3 56. Re5+ Kf2 57. Re4 Rf7 58. Kg4 Rf6 59. Kg5 Kxg2 60. Rxf4 Ra6 61. Rf5 Kg3 62. f4 Kf3 63. Rf7 Ra4 64. h5 Kg3 65. Rf5 Ra6 66. Rf7 Ra4 67. Kg6 Ra5 68. f5 Kg4 69. Kxg7 Kxh5 70. f6 Rg5+ 71. Kf8 Kg6 72. Kg8 Rf5 73. Rg7+ Kxf6 1/2-1/2

[Event "AUS-ch Minor"]
[Site "Parramatta"]
[Date "2008.01.04"]
[Round "4"]
[White "Duggan, Howard"]
[Black "Chiara, Vincent"]
[Result "1-0"]
[WhiteElo "1524"]
[BlackElo "1416"]
[PlyCount "65"]
[EventDate "2008.01.02"]
[EventType "swiss"]
[EventRounds "11"]
[EventCountry "AUS"]
[SourceTitle "EXT 2010"]
[Source "ChessBase"]
[SourceDate "2010.11.25"]
[SourceVersion "1"]
[SourceVersionDate "2010.11.25"]
[SourceQuality "1"]

1. d4 d5 2. Nf3 Nf6 3. e3 g6 4. Bd3 Bg7 5. Nbd2 Nbd7 6. Ne5 0-0 7. f4 e6 8. 0-0 c5 9. b3 cxd4 10. exd4 a5 11. a3 b6 12. Qe2 Nh5 13. g4 Nhf6 14. Rf2 Kh8 15. h4 Ng8 16. Rh2 Nh6 17. h5 Nxe5 18. dxe5 g5 19. Nf3 f6 20. Bb2 d4 21. fxg5 fxg5 22. Qe4 Nf5 23. gxf5 exf5 24. Qxa8 Bxe5 25. Re2 Qd6 26. Rae1 Bd7 27. Qxf8+ Qxf8 28. Rxe5 Qh6 29. Bxd4 Kg8 30. Bc4+ Kf8 31. Re7 Be6 32. Bg7+ Kxe7 33. Bxh6 1-0